[Event "7th RTU Open 2017"]
[Site "Riga"]
[Date "2017.08.13"]
[Round "9"]
[White "Harsha Bharathakoti"]
[Black "Sasikiran, Krishnan"]
[Result "0-1"]
[WhiteElo "2404"]
[BlackElo "2688"]
[Annotator "TA"]
[PlyCount "96"]
[EventDate "2017.??.??"]
[EventType "swiss"]
[EventCountry "LAT"]
[SourceTitle "playchess.com"]
[Source "ChessBase"]
[SourceQuality "1"]

{[%evp 19,96,21,17,9,12,-18,0,0,9,6,7,-13,0,0,0,-12,0,-10,12,-9,-9,-9,-9,-9,-9,-9,-12,-9,-9,-9,-14,-7,-13,-26,-18,-128,-128,-128,-128,-128,-121,-128,-121,-128,-129,-121,-118,-117,-80,-300,-41,-118,-118,-93,-80,-80,-80,-80,-80,-93,-85,-93,-93,-128,-128,-611,-484,-29987,-2122,-790,-781,-726,-684,-29970,-29968,-29973,-29975,-29990,-29991]} 1. d4 e6 2. c4 f5 3. Nf3 Nf6 4. g3 d5 5. Bg2 c6 6. O-O Bd6 7. b3 O-O 8. Ba3 b6 9. Qc1 Bb7 10. Bxd6 Qxd6 11. Qa3 {A90: Dutch Defence: Miscellaneous and Modern Stonewall (with ...Bd6)} (11. Nc3 Nbd7 12. Rd1 Ne4 13. e3 a5 14. Qb2 Ba6 15. Rac1 Rfc8 16. a3 Qe7 17. Bf1 Bb7 18. Bg2 Ba6 19. Bf1 Bb7 20. Bg2 Ba6 {½-½ (21) Rozum,I (2573)-Oparin,G (2605) Sochi 2017}) 11... c5 12. Nbd2 Nbd7 13. e3 $146 {The position is equal.} ({Predecessor:} 13. Rac1 Rfe8 14. Rfd1 a6 15. e3 Rad8 16. cxd5 exd5 17. dxc5 bxc5 18. Nc4 Qe7 {½-½ (39) Yim,T (2169)-McCambridge,V (2465) Las Vegas 2016}) 13... a5 14. Rac1 a4 15. bxa4 Bc6 16. dxc5 Nxc5 17. Nd4 (17. a5 $5) 17... Rxa4 18. Qb2 Bd7 {Strongly threatening ...Nd3.} (18... Nd3 $5 {[%cal Rd3b2]} 19. Qxb6 Nxc1 20. Rxc1 Qa3 $15) 19. Rb1 (19. cxd5 Nd3 $17) 19... e5 20. Nb5 Bxb5 $1 21. Qxb5 {White wants to play cxd5.} Rxa2 22. Rfd1 d4 $36 {[%mdl 2048] Black is more active.} 23. exd4 $1 exd4 {Hoping for ...Nfe4.} ({But not} 23... Qxd4 $2 24. Ne4 $18) 24. Qxb6 Qxb6 25. Rxb6 Nfe4 26. Nxe4 fxe4 27. Rb5 (27. Rxd4 $11 {keeps the balance.} Rfxf2 28. Bf1) 27... Rfxf2 $17 28. Bh1 {[#]} Na4 $1 {[%cal Ra4c3] And now ...Nc3 would win.} 29. Bxe4 Nc3 30. Bd5+ Nxd5 31. cxd5 {[%mdl 4096] Endgame KRR-KRR} Rg2+ 32. Kh1 Rxh2+ 33. Kg1 Rhg2+ 34. Kf1 $2 (34. Kh1 $17) 34... Rxg3 $2 ({Better is} 34... Raf2+ $19 35. Ke1 Rh2 36. Rxd4 Ra2 37. Rb8+ Kf7 38. Rf4+ Ke7) 35. Rxd4 (35. Rb8+ $15 Kf7 36. Rxd4) 35... Rf3+ 36. Kg1 Ra7 37. Kg2 Rf6 38. Kg3 Kf7 39. Rb3 Rd7 40. Rf3 g5 {[%cal Bg7g5,Bg5g4,Bg4g3,Bg3g2][%mdl 32]} 41. Rxf6+ Kxf6 {KR-KR} 42. Kg4 $2 {[%mdl 8192] [#]} (42. d6 $17) 42... h5+ $1 $19 {[%mdl 512]} 43. Kxh5 (43. Kf3 $19 Ke5 44. Re4+ Kxd5 45. Re8) 43... Kf5 (43... Rh7+ $142 44. Kg4 Rh4+ 45. Kf3 Rxd4 46. Ke3 Rxd5 47. Ke4 Rf5 48. Ke3 g4 49. Ke4 g3 50. Ke3 g2 51. Kd3 g1=Q 52. Kc3 Qg4 53. Kd2 Rf3 54. Kd1 Qg2 55. Ke1 Rf1#) 44. Kh6 g4 45. Rd1 g3 46. d6 g2 {Black mates.} 47. Rg1 Rxd6+ 48. Kh5 Rg6 {Precision: White = 28%, Black = 59%.} 0-1

[Event "7th RTU Open 2017"]
[Site "Riga"]
[Date "2017.08.13"]
[Round "9"]
[White "Kumsiashvili, Nikoloz"]
[Black "Kantans, Toms"]
[Result "1/2-1/2"]
[WhiteElo "2403"]
[BlackElo "2541"]
[Annotator "TA"]
[PlyCount "74"]
[EventDate "2017.??.??"]
[EventType "swiss"]
[EventCountry "LAT"]
[SourceTitle "playchess.com"]
[Source "ChessBase"]
[SourceQuality "1"]

{[%evp 21,74,18,30,30,50,-1,49,0,6,-24,-15,-125,-125,-125,-125,-126,-127,-138,-138,-138,-139,-140,-126,-268,-276,-297,-297,-479,-485,-494,-475,-477,-489,-472,-354,-296,-262,-279,0,0,0,0,0,0,0,0,0,0,0,0,0,0,0,0,0]} 1. d4 Nf6 2. c4 g6 3. Nc3 d5 4. cxd5 Nxd5 5. e4 Nxc3 6. bxc3 Bg7 7. Nf3 O-O 8. Be2 c5 9. Rb1 b6 10. O-O Bb7 11. Qd3 Nd7 {[%cal Bb8d7,Bd7f6,Bf6g4][%mdl 32] LiveBook: 10 Games. D85: Exchange Grünfeld: Unusual White 7th moves and lines with 7 Nf3} (11... Ba6 12. Qe3 Qd7 13. dxc5 Bxe2 14. Qxe2 bxc5 15. Rd1 Qe6 16. h4 Nc6 17. Ng5 Qf6 18. Be3 Rad8 19. Bxc5 Qxc3 20. Rdc1 Qa5 {½-½ (32) Mamedyarov,S (2800)-Nepomniachtchi,I (2742) Geneve 2017}) 12. Qe3 Rc8 $146 ({Predecessor:} 12... cxd4 13. cxd4 Nf6 14. d5 Rc8 15. Ba3 Ne8 16. Rfc1 Nd6 17. Nd4 Qd7 18. h3 Rxc1+ 19. Rxc1 Rc8 20. Bg4 Rxc1+ 21. Qxc1 {1-0 (41) Wicht,J (2182)-Peschlow,P (2237) Germany 2004}) 13. a4 (13. d5 $14) 13... Qc7 14. Ba3 Nf6 15. d5 e6 16. d6 (16. dxe6 $1 $11 Bxe4 17. exf7+ Rxf7 18. Rbe1) 16... Qc6 $17 17. e5 {[#] Hoping for Bb5.} Ng4 $1 {[%cal Rg4e3]} 18. Qg5 {[#]} Qe4 $1 {[%cal Rg7e5]} (18... Qxa4 19. d7 $15) 19. Rfe1 Nxe5 20. Nxe5 Qxe5 21. Qe7 Ba8 $40 {[%mdl 128] Black has strong attack.} ({Avoid the trap} 21... Qxc3 $2 22. Bb2 $18 (22. Qxb7 Qxa3 23. Qxa7 Bd4 $15)) 22. Ba6 {[#]} (22. Bf1 $17 Qf4 23. c4) 22... Qd5 $1 $19 {[%csl Ga8][%cal Rd5g2][%mdl 512]} 23. f3 Rcd8 (23... Bxc3 24. Bxc8 Bd4+ 25. Kh1 $14) 24. Qxa7 $2 (24. Bb2) 24... Bxc3 25. Rbd1 Qa2 26. Bc1 {[%cal Ba3c1,Bc1f4,Bf4e5][%mdl 32] and the idea Bh6 leaves White hopeful.} Bxe1 27. Rxe1 Rxd6 28. Qe7 Rfd8 ({Not} 28... Qxa4 29. Qxd6 Qxa6 30. Bh6 $11) 29. Bf4 Rd1 $2 ({Less strong is} 29... Qxa4 30. Be5 $17) (29... e5 $19 30. Bxe5 Rd1) 30. Bf1 $11 {The position is equal.} Qxa4 31. Be5 R8d5 32. Rxd1 Rxd1 33. Qf6 {[%csl Ge5][%cal Rf6h8]} Kf8 {And now ...Bb7 would win.} 34. Qh8+ Ke7 {aiming for ...Bb7.} 35. Bf6+ Kd6 {White must now prevent ...Bb7.} 36. Qb8+ Kc6 37. Qc8+ Kd6 {Precision: White = 37%, Black = 67%.} 1/2-1/2

[Event "7th RTU Open 2017"]
[Site "Riga"]
[Date "2017.08.13"]
[Round "9"]
[White "Kaasen, Tor Fredrik"]
[Black "Sanal, Vahap"]
[Result "0-1"]
[WhiteElo "2399"]
[BlackElo "2539"]
[Annotator "TA"]
[PlyCount "68"]
[EventDate "2017.??.??"]
[EventType "swiss"]
[EventCountry "LAT"]
[SourceTitle "playchess.com"]
[Source "ChessBase"]
[SourceQuality "1"]

{[%evp 17,68,12,8,10,20,14,13,0,14,10,14,-81,0,0,38,37,43,46,33,26,362,333,350,325,319,304,303,308,301,267,405,407,467,450,602,588,689,679,716,688,670,669,771,762,731,702,656,201,362,380,364,-409,-403]} 1. e4 e5 2. Nf3 Nc6 3. Bc4 Bc5 4. O-O Nf6 5. d3 O-O 6. c3 d6 7. a4 a6 8. h3 {C54: Giuoco Piano: 4 c3 Nf6, main lines with 5 d4 and 5 d3} h6 9. Nbd2 (9. Re1 Ba7 10. Nbd2 Ne7 11. d4 Ng6 12. Bf1 Re8 13. Qc2 Nh7 14. dxe5 dxe5 15. Nc4 Qf6 {½-½ (56) Nepomniachtchi,I (2742)-Radjabov,T (2724) Geneve 2017}) 9... Ba7 {LiveBook: 14 Games} 10. b4 {The position is equal.} Ne7 11. Re1 Ng6 12. Nf1 (12. d4 {with more complications.} Re8 13. Bb2 Nf4 14. Bf1 Be6 15. Qc2) 12... d5 13. exd5 Nxd5 14. Nxe5 $146 (14. Bd2 $11 {keeps the balance.}) ({Find the theoretical novelty and annotate with similar games:} 14. Qb3 c6 15. Ra2 Qf6 {½-½ (27) Vohl,G (1895)-Debevec,B (2260) ICCF email 2007}) 14... Nxe5 (14... Nxc3 $17 15. Qf3 Nxe5 16. Rxe5 Bd4) 15. Rxe5 $11 Nxc3 (15... Qf6 {seems wilder.} 16. Rxd5 Qxf2+ 17. Kh2 Qg1+ 18. Kg3 Qf2+) 16. Qe1 $1 {And now Be3 would win.} b5 17. axb5 axb5 18. Bxf7+ Rxf7 $4 {[%mdl 8192] [#]} (18... Kxf7 $11 {and Black stays safe.} 19. Qxc3 Qd4 20. Qxd4 (20. Qxc7+ $2 Kg8 $19) 20... Bxd4 21. Rxa8 Bxe5) 19. Rxa7 $1 $18 ({And not} 19. Re8+ {[#]} Qxe8 $1 {[%mdl 512]} 20. Qxe8+ Rf8 $15) 19... Rxa7 20. Re8+ Qxe8 21. Qxe8+ Rf8 22. Qe5 Na4 23. Qxb5 Kh7 (23... Nb6 {keeps fighting.} 24. Bb2 Bd7) 24. Ng3 Ra6 25. Be3 Rd8 26. Qe5 Rad6 27. Nh5 {[%csl Gh5][%cal Re5g7]} Rg8 28. Qe4+ Kh8 29. Nf4 Rgd8 30. Ng6+ Kg8 31. Ne7+ Kh8 32. Qa8 $2 (32. Qe5) 32... Ba6 $2 (32... Nb6 {might work better.} 33. Qb8 Ba6 34. Qxc7 Nd5 35. Nxd5 Rxd5) 33. Qa7 {Hoping for Bf4.} Nc3 34. Bc5 $4 {[%mdl 8192]} ({Not} 34. Qxc7 Nd5 $18) (34. Nf5 $18 {was the only winning move.} Nb5 35. Qc5 (35. Nxd6 Nxa7 36. Nf7+ Kh7 $16)) 34... Nb5 {Precision: White = 61%, Black = 37%.} 0-1

[Event "7th RTU Open 2017"]
[Site "Riga"]
[Date "2017.08.13"]
[Round "9"]
[White "Korchmar, Vasiliy"]
[Black "Berelowitsch, Alexander"]
[Result "1/2-1/2"]
[WhiteElo "2398"]
[BlackElo "2527"]
[Annotator "TA"]
[PlyCount "62"]
[EventDate "2017.??.??"]
[EventType "swiss"]
[EventCountry "LAT"]
[SourceTitle "playchess.com"]
[Source "ChessBase"]
[SourceQuality "1"]

{[%evp 16,62,31,19,32,25,18,0,0,0,1,10,11,12,10,16,9,0,0,0,0,0,0,0,0,0,0,0,0,0,0,0,0,0,0,0,0,0,11,-2,112,0,0,0,510,-64,0,0,0]} 1. d4 {[%cal Bd2d4,Bd4e5][%mdl 32]} d5 2. c4 e5 3. dxe5 d4 4. Nf3 Nc6 5. g3 Nge7 6. Bg2 Ng6 7. O-O Ngxe5 {D09: Albin Counter Gambit: Main line with 5 g3} 8. Nbd2 {[%cal Bb1d2,Bd2b3,Bb3c5][%mdl 32]} Be7 (8... Nxf3+ 9. Nxf3 Bc5 10. Ne1 O-O 11. Nd3 Be7 12. Bf4 a5 13. Qc1 Bf6 14. Rd1 Qe7 15. e3 {0-1 (30) Belous,V (2584)-Morozevich,A (2731) Moscow 2014}) 9. Nb3 {LiveBook: 3 Games} Nxf3+ 10. Bxf3 Bf6 11. Nc5 (11. Bxc6+ $5 bxc6 12. Qd3 $11) 11... O-O 12. Bf4 $146 ({Predecessor:} 12. Qb3 Qe7 13. Nxb7 Ne5 14. Bg2 Rb8 15. Bf4 c5 {0-1 (15) Kuenitz,K (1755)-Marder,S (1993) Caleta 2010}) 12... Qe7 13. Nd3 Ne5 14. Nxe5 Bxe5 15. Bxe5 Qxe5 16. Qd2 c6 17. Rfd1 Rd8 $1 18. e3 {[%cal Re3d4]} Qf6 19. Qe2 Be6 20. Rxd4 Rxd4 21. exd4 Qxd4 22. Rc1 Rd8 23. b3 Kf8 24. Kg2 h6 (24... Qd2 $5 {[%cal Rd2c1]} 25. Rd1 Qxd1 26. Qxd1 Rxd1 27. Bxd1 Ke7 $11) 25. Re1 a5 26. h3 Kg8 27. Qe5 Kf8 (27... Qxe5 $11 28. Rxe5 a4) 28. Qe2 (28. Qxa5 $16 {Hoping for Rd1.} Re8 29. g4) 28... Qd3 29. Qe5 {[#] aiming for Rd1.} Qd2 $2 {[%mdl 8192]} (29... Qd4 $11) 30. Qe3 $2 (30. Rd1 $18 Qxd1 31. Bxd1 Rxd1 32. Qb8+ Ke7 33. Qxb7+ Bd7 34. Qc7) 30... Qd4 (30... Qxe3 $1 $15 31. Rxe3 a4) 31. Qe2 a4 {Precision: White = 59%, Black = 57%.} 1/2-1/2

[Event "7th RTU Open 2017"]
[Site "Riga"]
[Date "2017.08.13"]
[Round "9"]
[White "Ikeda, Junta"]
[Black "Schneider, Ilja"]
[Result "1-0"]
[WhiteElo "2397"]
[BlackElo "2519"]
[Annotator "TA"]
[PlyCount "45"]
[EventDate "2017.??.??"]
[EventType "swiss"]
[EventCountry "LAT"]
[SourceTitle "playchess.com"]
[Source "ChessBase"]
[SourceQuality "1"]

{[%evp 17,45,0,0,0,0,18,16,9,32,25,70,80,40,66,58,54,47,6,78,79,140,140,140,136,404,391,738,756,748,738]} 1. Nf3 Nf6 2. g3 b5 3. Bg2 Bb7 4. O-O e6 5. d3 Be7 6. e4 d6 7. Nbd2 O-O {A05: Réti Opening: 1 Nf3 Nf6} 8. Re1 c5 (8... Nbd7 9. e5 dxe5 10. Nxe5 Bxg2 11. Kxg2 Nxe5 12. Rxe5 Nd5 13. a4 a6 14. Qf3 Nb4 15. axb5 Nxc2 16. Rxa6 {0-1 (30) Darcyl,T (2405)-Mareco,S (2655) Buenos Aires 2017}) 9. a4 a6 {LiveBook: 3 Games. The position is equal.} 10. e5 dxe5 11. Nxe5 Bxg2 12. Kxg2 {With the idea axb5.} Qd5+ 13. Qf3 Bd6 $146 ({Find the theoretical novelty and annotate with similar games:} 13... Qxf3+ 14. Kxf3 Nfd7 15. Nxd7 Nxd7 {½-½ (29) Vukic,M (2500)-Vukovic,Z (2065) Cetinje 1991}) 14. axb5 {Strongly threatening Ndc4.} Bxe5 {[#]} 15. Rxe5 $1 {[%mdl 512]} Qxe5 16. Qxa8 axb5 17. Ne4 {Hoping for Bf4.} Nbd7 (17... Nd5 $1 $11 {keeps the balance.}) 18. Qc6 $16 b4 (18... c4 $142) 19. Nxf6+ Nxf6 20. Bf4 $36 {[%mdl 2048] White has strong initiative.} Qxb2 $2 {[%mdl 8192] [#]} (20... Qd5+ $16 21. Qxd5 Nxd5) 21. Ra8 $1 $18 {[%cal Ra8f8]} g5 $2 (21... h5 22. Rxf8+ Kxf8 23. Qc8+ Ke7 24. Qxc5+ Ke8 25. Qc8+ Ke7 26. Qc7+ Nd7 27. Bd6+ Kf6 28. Qxd7 Qxc2 29. Bxb4 Qb2 30. Qe7+ Kg6) 22. Rxf8+ Kxf8 23. Qxc5+ {Precision: White = 89%, Black = 26%.} 1-0